US-Bundesstaaten, die mit N beginnen - Statistiken

Allgemein
  • Dieses Quiz wurde 258 mal gespielt
  • Das Durchschnittsergebnis liegt bei 7 aus 8
Antwortstatistiken
US-Bundesstaat % Korrekt
New York
95%
Nevada
92%
Nebraska
89%
North Dakota
89%
New Mexico
88%
North Carolina
88%
New Hampshire
87%
New Jersey
86%
Keine übereinstimmenden Quizze gefunden
Verteilung der Resultate
Anzahl Personen mit jedem Resultat
Perzentil nach korrekt beantworteten Fragen
Ihre Resultats-Entwicklung
Sie haben dieses Quiz noch nicht gespielt